Lluís Companys i la Catalunya popular
Descripción Física:
145 p. : principalment il. ; 24 cm
Materias:
Companys, Lluís -- Exposicions
MARC
| LEADER | 00000nam a2200000Ia 4500 | ||
|---|---|---|---|
| 001 | 9205 | ||
| 008 | 160829s1991 xx 000 0 cat d | ||
| 080 | |a M-3-70 | ||
| 100 | |a Companys, Lluís, |d 1882-1940 |9 24377 | ||
| 245 | |a Lluís Companys i la Catalunya popular | ||
| 260 | |a Barcelona : |b Diputació de Barcelona : |b l'Avenç, |c 1991 | ||
| 300 | |a 145 p. : |b principalment il. ; |c 24 cm | ||
| 590 | |a Catàleg de l'exposició del mateix nom inaugurada al Palau de la Virreina el 18 de juliol de 1990 i que desprès va continuar una ruta itinerant pels districtes i ciutats de Barcelona. | ||
| 650 | |a Companys, Lluís |x Exposicions |9 24378 | ||
| 901 | |a Arxiu | ||
| 942 | |n 1 | ||
| 952 | |0 0 |1 0 |4 0 |6 M370 |7 1 |9 43122 |a Arxiu |b Arxiu |d 2016-12-01 |l 0 |o M-3-70 |p 9205 |r 2016-12-01 00:00:00 |w 2016-12-01 |y ARXIU | ||
| 999 | |c 45666 |d 45666 | ||